[Event "DVM U10 2024"]
[Site "Düsseldorf GER"]
[Date "2024.12.28"]
[Round "4"]
[White "Bryzgalov, Mikhail"]
[Black "Krupp, Jonathan"]
[Result "0-1"]
[Termination "normal"]
[Board "20.3"]
[WhiteElo "886"]
[BlackElo "941"]
[WhiteClock "00:50:40"]
[BlackClock "00:45:18"]
[WhiteTeam "USV Halle"]
[BlackTeam "SchVgg Blankenese 1923"]
[PlyCount "42"]
[BlackFideId "533000581"]
[EventCountry "GER"]
[EventRounds "7"]
[EventType "team-swiss"]
[EventDate "2024.12.26"]

1. e4 {[%clk 00:55:08]} {[%emt 00:00:02]} e5 {[%clk 00:55:06]} {[%emt
00:00:03]} 2. Nf3 {[%clk 00:55:08]} {[%emt 00:00:06]} Nc6 {[%clk 00:55:06]}
{[%emt 00:00:06]} 3. Bc4 {[%clk 00:55:04]} {[%emt 00:00:07]} Nf6 {[%clk
00:54:57]} {[%emt 00:00:15]} 4. Ng5 {[%clk 00:54:52]} {[%emt 00:00:16]} d5
{[%clk 00:54:26]} {[%emt 00:00:37]} 5. exd5 {[%clk 00:54:49]} {[%emt 00:00:07]}
Na5 {[%clk 00:54:24]} {[%emt 00:00:06]} 6. Bd3 {[%clk 00:54:39]} {[%emt
00:00:16]} h6 {[%clk 00:54:14]} {[%emt 00:00:16]} 7. Nf3 {[%clk 00:54:26]}
{[%emt 00:00:16]} Qxd5 {[%clk 00:54:16]} {[%emt 00:00:04]} 8. Nc3 {[%clk
00:54:06]} {[%emt 00:00:24]} Qe6 {[%clk 00:53:49]} {[%emt 00:00:31]} 9. O-O
{[%clk 00:53:43]} {[%emt 00:00:25]} e4 {[%clk 00:53:48]} {[%emt 00:00:11]} 10.
Bxe4 {[%clk 00:53:17]} {[%emt 00:00:30]} Nxe4 {[%clk 00:53:46]} {[%emt
00:00:09]} 11. Nxe4 {[%clk 00:53:14]} {[%emt 00:00:08]} Qxe4 {[%clk 00:53:43]}
{[%emt 00:00:08]} 12. Re1 {[%clk 00:53:06]} {[%emt 00:00:12]} Qxe1+ {[%clk
00:50:29]} {[%emt 00:03:20]} 13. Qxe1+ {[%clk 00:53:01]} {[%emt 00:00:09]} Be6
{[%clk 00:49:50]} {[%emt 00:00:19]} 14. Nd4 {[%clk 00:52:59]} {[%emt 00:00:33]}
Kd7 {[%clk 00:48:15]} {[%emt 00:01:33]} 15. Nxe6 {[%clk 00:52:28]} {[%emt
00:00:43]} fxe6 {[%clk 00:48:11]} {[%emt 00:00:09]} 16. d4 {[%clk 00:52:09]}
{[%emt 00:00:22]} Re8 {[%clk 00:47:21]} {[%emt 00:00:56]} 17. Qxa5 {[%clk
00:51:54]} {[%emt 00:00:19]} a6 {[%clk 00:46:55]} {[%emt 00:00:32]} 18. h3
{[%clk 00:51:20]} {[%emt 00:00:40]} Bd6 {[%clk 00:46:07]} {[%emt 00:00:52]} 19.
d5 {[%clk 00:50:59]} {[%emt 00:00:26]} Re7 {[%clk 00:45:19]} {[%emt 00:00:54]}
20. dxe6+ {[%clk 00:50:47]} {[%emt 00:00:17]} Rxe6 {[%clk 00:45:18]} {[%emt
00:00:06]} 21. Qd5 {[%clk 00:50:40]} {[%emt 00:00:10]} Re1# {[%emt 00:00:31]}
0-1

[Event "DVM U10 2024"]
[Site "Düsseldorf GER"]
[Date "2024.12.28"]
[Round "5"]
[White "Lüttgen, Jona"]
[Black "Bauta, Luan"]
[Result "1-0"]
[Termination "normal"]
[Board "4.2"]
[WhiteElo "1412"]
[BlackElo "1063"]
[WhiteClock "00:03:11"]
[BlackClock "00:25:17"]
[WhiteTeam "SG Porz"]
[BlackTeam "Königsspringer SC 1984"]
[PlyCount "141"]
[WhiteFideId "533014124"]
[BlackFideId "34671110"]
[EventCountry "GER"]
[EventRounds "7"]
[EventType "team-swiss"]
[EventDate "2024.12.26"]

1. d4 {[%clk 00:55:08]} {[%emt 00:00:02]} d5 {[%clk 00:55:03]} {[%emt
00:00:08]} 2. c4 {[%clk 00:55:09]} {[%emt 00:00:04]} e6 {[%clk 00:54:59]}
{[%emt 00:00:08]} 3. Nc3 {[%clk 00:55:09]} {[%emt 00:00:05]} Nf6 {[%clk
00:54:48]} {[%emt 00:00:17]} 4. Bf4 {[%clk 00:54:49]} {[%emt 00:00:25]} Bb4
{[%clk 00:54:10]} {[%emt 00:00:43]} 5. Nf3 {[%clk 00:54:23]} {[%emt 00:00:32]}
Bxc3+ {[%clk 00:53:54]} {[%emt 00:00:21]} 6. bxc3 {[%clk 00:54:21]} {[%emt
00:00:07]} O-O {[%clk 00:53:21]} {[%emt 00:00:38]} 7. h4 {[%clk 00:53:35]}
{[%emt 00:00:50]} dxc4 {[%clk 00:52:27]} {[%emt 00:01:00]} 8. e3 {[%clk
00:53:16]} {[%emt 00:00:23]} Qd5 {[%clk 00:51:24]} {[%emt 00:01:09]} 9. Bxc7
{[%clk 00:51:49]} {[%emt 00:01:32]} Nc6 {[%clk 00:50:27]} {[%emt 00:01:02]} 10.
Qc2 {[%clk 00:49:24]} {[%emt 00:02:29]} Ne4 {[%clk 00:49:10]} {[%emt 00:01:22]}
11. Ng5 {[%clk 00:49:04]} {[%emt 00:00:26]} Nxg5 {[%clk 00:48:32]} {[%emt
00:00:43]} 12. hxg5 {[%clk 00:48:58]} {[%emt 00:00:11]} g6 {[%clk 00:48:26]}
{[%emt 00:00:11]} 13. Bf4 {[%clk 00:47:05]} {[%emt 00:01:57]} e5 {[%clk
00:47:21]} {[%emt 00:01:11]} 14. dxe5 {[%clk 00:44:34]} {[%emt 00:02:36]} Nxe5
{[%clk 00:47:10]} {[%emt 00:00:14]} 15. Rd1 {[%clk 00:42:54]} {[%emt 00:01:42]}
Nd3+ {[%clk 00:44:59]} {[%emt 00:02:20]} 16. Bxd3 {[%clk 00:41:09]} {[%emt
00:01:49]} cxd3 {[%clk 00:44:59]} {[%emt 00:00:06]} 17. Qxd3 {[%clk 00:37:25]}
{[%emt 00:03:49]} Qxg2 {[%clk 00:44:42]} {[%emt 00:00:22]} 18. Qf1 {[%clk
00:36:57]} {[%emt 00:00:33]} Qxf1+ {[%clk 00:43:46]} {[%emt 00:01:02]} 19. Kxf1
{[%clk 00:36:51]} {[%emt 00:00:10]} Bg4 {[%clk 00:43:42]} {[%emt 00:00:08]} 20.
Re1 {[%clk 00:36:14]} {[%emt 00:00:43]} Rad8 {[%clk 00:43:23]} {[%emt
00:00:22]} 21. Kg2 {[%clk 00:35:24]} Rd2 {[%clk 00:42:54]} {[%emt 00:01:31]}
22. Be5 {[%clk 00:34:30]} Bf5 {[%clk 00:42:37]} {[%emt 00:01:21]} 23. Kg3
{[%clk 00:33:24]} {[%emt 00:01:09]} Bd3 {[%clk 00:42:03]} {[%emt 00:00:38]} 24.
Bf6 {[%clk 00:32:06]} {[%emt 00:01:23]} h5 {[%clk 00:41:31]} {[%emt 00:00:40]}
25. gxh6 {[%clk 00:31:50]} {[%emt 00:00:21]} Kh7 {[%clk 00:41:26]} {[%emt
00:00:09]} 26. Rd1 {[%clk 00:28:20]} {[%emt 00:03:35]} Rxd1 {[%clk 00:41:07]}
{[%emt 00:00:25]} 27. Rxd1 {[%clk 00:28:19]} {[%emt 00:00:05]} Bc4 {[%clk
00:40:24]} {[%emt 00:00:48]} 28. Bg7 {[%clk 00:28:03]} {[%emt 00:00:22]} Rc8
{[%clk 00:40:10]} {[%emt 00:00:18]} 29. a3 {[%clk 00:27:35]} {[%emt 00:00:35]}
Bb3 {[%clk 00:39:04]} {[%emt 00:01:11]} 30. Rd4 {[%clk 00:25:03]} {[%emt
00:02:36]} b6 {[%clk 00:38:56]} {[%emt 00:00:13]} 31. Rd7 {[%clk 00:23:55]}
{[%emt 00:01:12]} a5 {[%clk 00:38:38]} {[%emt 00:00:23]} 32. Rb7 {[%clk
00:23:26]} Be6 {[%clk 00:36:19]} {[%emt 00:02:56]} 33. Rxb6 {[%clk 00:22:21]}
a4 {[%clk 00:35:24]} {[%emt 00:02:13]} 34. Rb4 {[%clk 00:20:08]} {[%emt
00:02:18]} Bb3 {[%clk 00:35:18]} {[%emt 00:00:10]} 35. Rb7 {[%clk 00:18:03]}
{[%emt 00:02:10]} Bd5 {[%clk 00:34:57]} {[%emt 00:00:27]} 36. Re7 {[%clk
00:17:09]} {[%emt 00:00:59]} Bc4 {[%clk 00:33:58]} {[%emt 00:01:02]} 37. Kf4
{[%clk 00:15:55]} Be2 {[%clk 00:33:45]} {[%emt 00:01:39]} 38. Rxf7 {[%clk
00:14:24]} Rc4+ {[%clk 00:33:30]} {[%emt 00:01:58]} 39. Kg3 {[%clk 00:13:35]}
{[%emt 00:00:49]} Rg4+ {[%clk 00:33:26]} {[%emt 00:00:12]} 40. Kh3 {[%clk
00:13:13]} {[%emt 00:00:25]} g5 {[%clk 00:33:11]} {[%emt 00:00:22]} 41. Bf8+
{[%clk 00:12:09]} {[%emt 00:00:57]} Kg6 {[%clk 00:32:59]} {[%emt 00:00:28]} 42.
Rg7+ {[%emt 00:02:54]} Kxh6 {[%clk 00:32:15]} {[%emt 00:00:37]} 43. f3 {[%clk
00:07:55]} {[%emt 00:01:43]} Rg1 {[%clk 00:31:02]} {[%emt 00:01:18]} 44. Kh2
{[%clk 00:06:59]} Rc1 {[%clk 00:31:02]} 45. Kg3 {[%clk 00:06:59]} Ra1 {[%clk
00:31:02]} 46. Ra7+ {[%clk 00:06:59]} Kg6 {[%clk 00:31:02]} 47. Rxa4 {[%clk
00:06:59]} Rf1 {[%clk 00:31:02]} 48. f4 {[%clk 00:06:59]} gxf4+ {[%clk
00:31:02]} 49. Rxf4 {[%clk 00:06:59]} Rxf4 {[%clk 00:31:02]} 50. Kxf4 {[%clk
00:06:59]} Bc4 {[%clk 00:31:02]} 51. Ke5 {[%clk 00:06:59]} Kf7 {[%clk
00:31:02]} 52. Bc5 {[%clk 00:06:59]} Ke8 {[%clk 00:31:02]} 53. a4 {[%clk
00:06:59]} Ba6 {[%clk 00:31:02]} 54. a5 Bd3 55. e4 Kf7 56. Kd4 Be2 57. Ke3 Bd1
58. Kd4 Ke8 59. Ke5 Kd7 60. Kd5 Kc7 61. e5 Kb7 62. c4 Ka6 63. Bb6 Kb7 64. e6
Kc8 65. c5 Kb7 66. c6+ Kc8 67. a6 Be2 68. e7 Bf3+ 69. Kd6 Bh5 70. a7 Be8 71.
a8=R# 1-0

[Event "DVM U10 2024"]
[Site "Düsseldorf GER"]
[Date "2024.12.28"]
[Round "5"]
[White "Holzhäuser, Thibaut Lautaro"]
[Black "Kolesnikoff, Christophe"]
[Result "0-1"]
[Termination "normal"]
[Board "4.4"]
[WhiteElo "955"]
[BlackElo "980"]
[WhiteClock "00:27:55"]
[BlackClock "00:12:09"]
[WhiteTeam "SG Porz"]
[BlackTeam "Königsspringer SC 1984"]
[PlyCount "124"]
[WhiteFideId "34679731"]
[BlackFideId "533008795"]
[EventCountry "GER"]
[EventRounds "7"]
[EventType "team-swiss"]
[EventDate "2024.12.26"]

1. e4 {[%clk 00:55:05]} {[%emt 00:00:05]} e5 {[%clk 00:55:02]} {[%emt
00:00:08]} 2. Nf3 {[%clk 00:55:03]} {[%emt 00:00:07]} Nc6 {[%clk 00:55:02]}
{[%emt 00:00:06]} 3. Bc4 {[%clk 00:55:02]} {[%emt 00:00:06]} Nf6 {[%clk
00:54:56]} {[%emt 00:00:10]} 4. Ng5 {[%clk 00:54:59]} {[%emt 00:00:06]} d5
{[%clk 00:54:41]} {[%emt 00:00:22]} 5. exd5 {[%clk 00:54:57]} {[%emt 00:00:07]}
Na5 {[%clk 00:54:34]} {[%emt 00:00:13]} 6. Bb5+ {[%clk 00:54:39]} {[%emt
00:00:22]} c6 {[%clk 00:54:33]} {[%emt 00:00:06]} 7. dxc6 {[%clk 00:54:36]}
{[%emt 00:00:07]} bxc6 {[%clk 00:54:34]} {[%emt 00:00:04]} 8. Be2 {[%clk
00:53:53]} {[%emt 00:00:47]} Bd6 {[%clk 00:54:16]} {[%emt 00:00:24]} 9. Nc3
{[%clk 00:53:45]} {[%emt 00:00:13]} h6 {[%clk 00:54:01]} {[%emt 00:00:19]} 10.
Nf3 {[%clk 00:53:45]} {[%emt 00:00:06]} Bg4 {[%clk 00:53:50]} {[%emt 00:00:16]}
11. d3 {[%clk 00:53:38]} {[%emt 00:00:11]} O-O {[%clk 00:53:39]} {[%emt
00:00:17]} 12. O-O {[%clk 00:53:39]} {[%emt 00:00:05]} Re8 {[%clk 00:53:09]}
{[%emt 00:00:35]} 13. h3 {[%clk 00:53:39]} {[%emt 00:00:05]} Bxf3 {[%clk
00:53:06]} {[%emt 00:00:08]} 14. Bxf3 {[%clk 00:53:41]} {[%emt 00:00:03]} Bb4
{[%clk 00:52:41]} {[%emt 00:00:29]} 15. Bd2 {[%clk 00:53:23]} {[%emt 00:00:24]}
Rc8 {[%clk 00:52:03]} {[%emt 00:00:43]} 16. a3 {[%clk 00:53:16]} {[%emt
00:00:12]} Bxc3 {[%clk 00:51:35]} {[%emt 00:00:34]} 17. Bxc3 {[%clk 00:53:15]}
{[%emt 00:00:06]} Nb7 {[%clk 00:51:23]} {[%emt 00:00:17]} 18. Re1 {[%clk
00:53:07]} {[%emt 00:00:12]} Qd6 {[%clk 00:50:53]} {[%emt 00:00:35]} 19. Re2
{[%clk 00:52:12]} {[%emt 00:01:00]} Re6 {[%clk 00:50:21]} {[%emt 00:00:37]} 20.
Qd2 {[%clk 00:49:09]} {[%emt 00:03:10]} Rce8 {[%clk 00:49:51]} {[%emt
00:00:35]} 21. Rae1 {[%clk 00:49:13]} Nd8 {[%clk 00:48:56]} {[%emt 00:01:00]}
22. Re3 {[%clk 00:47:58]} {[%emt 00:01:20]} Nd5 {[%clk 00:48:25]} {[%emt
00:00:36]} 23. Bxd5 {[%clk 00:47:51]} {[%emt 00:00:12]} cxd5 {[%clk 00:48:12]}
{[%emt 00:00:18]} 24. Bb4 {[%clk 00:47:40]} {[%emt 00:00:15]} Qb6 {[%clk
00:47:42]} {[%emt 00:00:36]} 25. Kh1 {[%clk 00:41:42]} {[%emt 00:06:03]} Nc6
{[%clk 00:47:27]} {[%emt 00:00:19]} 26. f3 {[%clk 00:40:49]} {[%emt 00:00:59]}
a5 {[%clk 00:47:05]} {[%emt 00:00:27]} 27. Bxa5 {[%clk 00:39:57]} {[%emt
00:00:57]} Nxa5 {[%clk 00:46:45]} {[%emt 00:00:25]} 28. b4 {[%clk 00:39:41]}
{[%emt 00:00:20]} Nc6 {[%clk 00:41:52]} {[%emt 00:04:57]} 29. c4 {[%clk
00:39:21]} {[%emt 00:00:25]} dxc4 {[%clk 00:41:18]} {[%emt 00:00:40]} 30. dxc4
{[%clk 00:39:21]} {[%emt 00:00:05]} Nd4 {[%clk 00:40:27]} {[%emt 00:00:55]} 31.
a4 {[%clk 00:38:55]} {[%emt 00:00:31]} Nf5 {[%clk 00:38:57]} {[%emt 00:01:35]}
32. c5 {[%clk 00:38:03]} {[%emt 00:00:58]} Qc6 {[%clk 00:38:28]} {[%emt
00:00:33]} 33. Ra3 {[%clk 00:38:05]} {[%emt 00:00:03]} e4 {[%clk 00:36:28]}
{[%emt 00:02:06]} 34. fxe4 {[%clk 00:37:56]} {[%emt 00:00:14]} Rxe4 {[%clk
00:36:08]} {[%emt 00:00:26]} 35. Rxe4 {[%clk 00:37:58]} {[%emt 00:00:02]} Rxe4
{[%clk 00:35:11]} {[%emt 00:01:02]} 36. a5 {[%clk 00:37:31]} {[%emt 00:00:32]}
Nd4 {[%clk 00:32:08]} {[%emt 00:03:08]} 37. a6 {[%clk 00:37:06]} {[%emt
00:00:30]} Re2 {[%clk 00:31:44]} {[%emt 00:00:29]} 38. Qxe2 {[%clk 00:36:49]}
{[%emt 00:00:23]} Nxe2 {[%clk 00:30:25]} {[%emt 00:01:24]} 39. a7 {[%clk
00:36:51]} {[%emt 00:00:02]} Qa8 {[%clk 00:27:59]} {[%emt 00:02:32]} 40. Ra6
{[%clk 00:36:08]} {[%emt 00:00:48]} Ng3+ {[%clk 00:26:16]} {[%emt 00:01:47]}
41. Kg1 {[%clk 00:35:49]} {[%emt 00:00:24]} Ne2+ {[%clk 00:25:32]} {[%emt
00:00:50]} 42. Kf2 {[%clk 00:35:50]} {[%emt 00:00:03]} Nd4 {[%clk 00:24:44]}
{[%emt 00:00:53]} 43. Kg3 {[%clk 00:31:36]} Ne2+ {[%clk 00:24:15]} {[%emt
00:04:53]} 44. Kf2 {[%clk 00:31:29]} {[%emt 00:00:12]} Nd4 {[%clk 00:24:00]}
{[%emt 00:00:20]} 45. Kg3 {[%clk 00:31:15]} g5 {[%clk 00:24:00]} 46. h4 {[%clk
00:31:15]} gxh4+ {[%clk 00:23:04]} {[%emt 00:01:37]} 47. Kxh4 {[%clk 00:31:03]}
{[%emt 00:00:10]} Qd8+ {[%clk 00:22:12]} {[%emt 00:00:57]} 48. Kg3 {[%clk
00:30:14]} Qa8 {[%clk 00:20:57]} {[%emt 00:02:13]} 49. Kf2 {[%clk 00:30:01]}
{[%emt 00:00:18]} h5 {[%clk 00:19:00]} {[%emt 00:02:02]} 50. Ke3 {[%clk
00:29:58]} Nb5 {[%clk 00:18:45]} {[%emt 00:00:28]} 51. Rb6 {[%clk 00:29:32]}
Nxa7 {[%clk 00:18:45]} 52. Ra6 {[%clk 00:29:32]} Kf8 {[%clk 00:18:45]} 53. b5
{[%clk 00:29:32]} Qe8+ {[%clk 00:18:45]} 54. Kd4 {[%clk 00:29:32]} Qd7+ {[%clk
00:18:45]} 55. Rd6 {[%clk 00:29:32]} Nxb5+ {[%clk 00:18:45]} 56. Kd5 {[%clk
00:29:32]} Nxd6 {[%clk 00:18:45]} 57. cxd6 {[%clk 00:29:32]} Ke8 {[%clk
00:18:45]} 58. g4 {[%clk 00:28:19]} {[%emt 00:07:18]} hxg4 {[%clk 00:13:55]}
{[%emt 00:00:30]} 59. Ke4 {[%clk 00:28:11]} {[%emt 00:00:13]} f5+ {[%clk
00:13:37]} {[%emt 00:00:23]} 60. Ke5 {[%clk 00:28:12]} {[%emt 00:00:06]} g3
{[%clk 00:13:11]} {[%emt 00:00:30]} 61. Kf4 {[%clk 00:27:58]} {[%emt 00:00:24]}
g2 {[%clk 00:13:01]} {[%emt 00:00:26]} 62. Ke5 {[%clk 00:27:55]} {[%emt
00:00:07]} g1=Q {[%clk 00:12:09]} {[%emt 00:00:55]} 0-1

[Event "DVM U10 2024"]
[Site "Düsseldorf GER"]
[Date "2024.12.28"]
[Round "5"]
[White "Liu, Mio Runhan"]
[Black "von Gehlen, Samuel"]
[Result "1-0"]
[Termination "normal"]
[Board "5.3"]
[WhiteElo "1198"]
[BlackElo "1458"]
[WhiteClock "00:29:41"]
[BlackClock "00:26:00"]
[WhiteTeam "Düsseldorfer SV 1854"]
[BlackTeam "TSG Oberschöneweide"]
[PlyCount "117"]
[WhiteFideId "34678760"]
[BlackFideId "34651551"]
[EventCountry "GER"]
[EventRounds "7"]
[EventType "team-swiss"]
[EventDate "2024.12.26"]

1. e4 {[%clk 00:55:05]} {[%emt 00:00:04]} c6 {[%clk 00:55:02]} {[%emt
00:00:09]} 2. d4 {[%clk 00:54:59]} {[%emt 00:00:10]} d5 {[%clk 00:55:02]}
{[%emt 00:00:05]} 3. exd5 {[%clk 00:54:33]} {[%emt 00:00:31]} cxd5 {[%clk
00:55:03]} {[%emt 00:00:04]} 4. Nc3 {[%clk 00:54:22]} {[%emt 00:00:16]} Bf5
{[%clk 00:54:58]} {[%emt 00:00:10]} 5. Nf3 {[%emt 00:01:00]} e6 {[%emt
00:00:03]} 6. Bb5+ {[%clk 00:53:06]} {[%emt 00:00:18]} Nc6 {[%clk 00:54:54]}
{[%emt 00:00:09]} 7. Ne5 {[%clk 00:52:57]} {[%emt 00:00:15]} Qc7 {[%clk
00:54:16]} {[%emt 00:00:42]} 8. Bf4 {[%clk 00:51:41]} {[%emt 00:01:22]} Bd6
{[%clk 00:53:50]} {[%emt 00:00:31]} 9. O-O {[%clk 00:49:54]} {[%emt 00:01:50]}
f6 {[%clk 00:53:39]} {[%emt 00:00:18]} 10. Nxc6 {[%clk 00:49:43]} {[%emt
00:00:16]} bxc6 {[%clk 00:53:39]} {[%emt 00:00:04]} 11. Bxd6 {[%clk 00:49:41]}
{[%emt 00:00:08]} Qxd6 {[%clk 00:53:26]} {[%emt 00:00:18]} 12. Ba4 {[%clk
00:49:34]} {[%emt 00:00:11]} Ne7 {[%clk 00:53:16]} {[%emt 00:00:15]} 13. Re1
{[%clk 00:48:52]} {[%emt 00:00:48]} Ng6 {[%clk 00:53:01]} {[%emt 00:00:19]} 14.
Qh5 {[%clk 00:47:18]} {[%emt 00:01:40]} O-O {[%clk 00:51:34]} {[%emt 00:01:32]}
15. Ne2 {[%clk 00:46:45]} {[%emt 00:00:37]} Nf4 {[%clk 00:49:54]} {[%emt
00:01:46]} 16. Nxf4 {[%clk 00:46:26]} {[%emt 00:00:23]} Qxf4 {[%clk 00:49:52]}
{[%emt 00:00:07]} 17. Qd1 {[%clk 00:45:06]} {[%emt 00:01:24]} Rac8 {[%clk
00:48:57]} {[%emt 00:01:00]} 18. c3 {[%clk 00:43:22]} {[%emt 00:01:50]} e5
{[%emt 00:00:51]} 19. dxe5 {[%clk 00:42:52]} {[%emt 00:00:11]} fxe5 {[%clk
00:48:37]} {[%emt 00:00:04]} 20. Bb3 {[%clk 00:42:39]} {[%emt 00:00:18]} Be4
{[%clk 00:48:29]} {[%emt 00:00:13]} 21. Kh1 {[%clk 00:41:20]} {[%emt 00:01:22]}
Qxf2 {[%clk 00:48:25]} {[%emt 00:00:10]} 22. Rxe4 {[%clk 00:40:50]} {[%emt
00:00:35]} Kh8 {[%clk 00:46:53]} {[%emt 00:01:37]} 23. Re2 {[%clk 00:40:17]}
{[%emt 00:00:37]} Qf4 {[%clk 00:46:30]} {[%emt 00:00:25]} 24. Re1 {[%clk
00:38:39]} {[%emt 00:01:47]} Rc7 {[%clk 00:45:07]} {[%emt 00:01:27]} 25. Rf1
{[%clk 00:38:10]} {[%emt 00:00:35]} Qxf1+ {[%clk 00:44:40]} {[%emt 00:00:32]}
26. Qxf1 {[%clk 00:37:52]} {[%emt 00:00:23]} Rxf1+ {[%clk 00:44:44]} {[%emt
00:00:02]} 27. Rxf1 {[%clk 00:37:39]} {[%emt 00:00:18]} g6 {[%clk 00:44:21]}
{[%emt 00:00:28]} 28. Re1 {[%clk 00:37:30]} {[%emt 00:00:14]} Rf7 {[%clk
00:43:29]} {[%emt 00:00:50]} 29. h3 {[%clk 00:37:34]} {[%emt 00:00:09]} e4
{[%clk 00:43:23]} {[%emt 00:00:09]} 30. Ba4 {[%clk 00:37:07]} {[%emt 00:00:33]}
c5 {[%clk 00:42:48]} {[%emt 00:00:40]} 31. Bc6 {[%clk 00:37:01]} {[%emt
00:00:10]} Rf5 {[%clk 00:42:31]} {[%emt 00:00:22]} 32. c4 {[%clk 00:35:47]}
{[%emt 00:01:20]} d4 {[%clk 00:38:21]} {[%emt 00:04:30]} 33. Bxe4 {[%clk
00:35:40]} {[%emt 00:00:12]} Re5 {[%clk 00:38:18]} {[%emt 00:00:08]} 34. Re2
{[%clk 00:35:36]} {[%emt 00:00:09]} Kg7 {[%clk 00:37:53]} {[%emt 00:00:30]} 35.
Bf3 {[%clk 00:35:17]} {[%emt 00:00:24]} Kf6 {[%clk 00:36:32]} {[%emt 00:01:26]}
36. Kg1 {[%clk 00:34:53]} {[%emt 00:00:30]} Rxe2 {[%clk 00:34:31]} {[%emt
00:02:05]} 37. Bxe2 {[%clk 00:34:45]} {[%emt 00:00:13]} Ke5 {[%clk 00:34:31]}
{[%emt 00:00:05]} 38. Bd3 {[%clk 00:34:34]} {[%emt 00:00:16]} Kf4 {[%clk
00:34:10]} {[%emt 00:00:25]} 39. Kf2 {[%clk 00:34:30]} {[%emt 00:00:10]} Ke5
{[%clk 00:33:41]} {[%emt 00:00:32]} 40. Kf3 {[%clk 00:34:22]} {[%emt 00:00:16]}
Kd6 {[%clk 00:32:48]} 41. a3 {[%clk 00:34:04]} {[%emt 00:01:20]} Ke5 {[%clk
00:32:22]} {[%emt 00:00:31]} 42. b4 {[%clk 00:33:52]} {[%emt 00:00:17]} Kd6
{[%clk 00:31:52]} 43. Ke4 {[%clk 00:33:42]} {[%emt 00:00:50]} a6 {[%clk
00:31:33]} 44. g3 {[%clk 00:33:01]} {[%emt 00:01:11]} h6 {[%clk 00:31:07]} 45.
h4 {[%clk 00:32:45]} {[%emt 00:00:52]} h5 {[%clk 00:31:02]} 46. Kf4 {[%clk
00:32:39]} {[%emt 00:00:20]} cxb4 {[%clk 00:30:41]} 47. axb4 {[%clk 00:32:34]}
{[%emt 00:00:36]} Ke7 {[%clk 00:30:20]} {[%emt 00:00:25]} 48. Bxg6 {[%clk
00:32:29]} {[%emt 00:00:11]} d3 {[%clk 00:29:27]} {[%emt 00:00:58]} 49. Bxd3
{[%clk 00:32:26]} {[%emt 00:00:08]} a5 {[%clk 00:29:27]} {[%emt 00:00:05]} 50.
bxa5 {[%clk 00:32:22]} {[%emt 00:00:10]} Kf7 {[%clk 00:29:08]} {[%emt
00:00:24]} 51. a6 {[%clk 00:32:21]} {[%emt 00:00:07]} Kg7 {[%clk 00:28:51]}
{[%emt 00:00:20]} 52. a7 {[%clk 00:32:21]} {[%emt 00:00:06]} Kf6 {[%clk
00:28:34]} {[%emt 00:00:19]} 53. a8=Q {[%clk 00:31:32]} {[%emt 00:00:55]} Kf7
{[%clk 00:28:08]} {[%emt 00:01:11]} 54. Kf5 {[%clk 00:31:07]} Kg7 {[%clk
00:28:08]} 55. c5 {[%clk 00:31:07]} Kf7 {[%clk 00:28:08]} 56. Bc4+ {[%clk
00:31:07]} Kg7 {[%clk 00:28:08]} 57. Qa7+ {[%clk 00:31:07]} Kg8 {[%clk
00:28:08]} 58. Qf7+ {[%clk 00:29:41]} {[%emt 00:04:16]} Kh8 {[%clk 00:26:00]}
{[%emt 00:00:14]} 59. Qg8# {[%emt 00:00:44]} 1-0